Podrobnosti MARC
| 000 -Návěští |
| Řídící pole kódované 24B |
01768nam a2200433 a 4500 |
| 001 - Kontrolní číslo |
| Řídící pole proměnné |
nkc20061660662 |
| 003 - Identifikátor kontrolního čísla |
| Řídící pole proměnné |
CZ PrSKC |
| 005 - Datum posledního zpracování |
| Řídící pole 16B |
20260512170442.0 |
| 007 - Pole pevné délky pro fyzický popis |
| Řídící pole kódované |
ta |
| 008 - Údaje pevné délky |
| Řídící pole kódované 40B |
060621s2006 xr a c 000 f cze |
| 020 ## - ISBN |
| ISBN |
8000017024 |
| 020 ## - ISBN |
| ISBN |
9788000017020 |
| 040 ## - Zdroj katalogizace-agentura |
| Agentura původní katalogizace |
OLA001 |
| Jazyk katalogizace |
cze |
| Agentura upravující záznam |
BOA001 |
| -- |
ABA001 |
| 041 1# - Kód jazyka |
| Kód jazyka textu/zvuku, mezititulků |
cze |
| Kód jazyka originálu |
ger |
| 072 #7 - Kód předmětové kategorie - Konspekt |
| Předmětová kategorie |
821.112.2-3 |
| Zpřesnění předmětové kategorie |
Německá próza, německy psaná |
| Zdroj předmětové klasifikace |
Konspekt |
| 072 #7 - Kód předmětové kategorie - Konspekt |
| Předmětová kategorie |
821-93 |
| Zpřesnění předmětové kategorie |
Literatura pro děti a mládež (beletrie) |
| Zdroj předmětové klasifikace |
Konspekt |
| 080 ## - MDT |
| Klasifikační znak MDT |
821.112.2-31 |
| Idetifikátor vydání MDT |
MRF |
| 080 ## - MDT |
| Klasifikační znak MDT |
821-93 |
| Idetifikátor vydání MDT |
MRF |
| 080 ## - MDT |
| Klasifikační znak MDT |
(0:82-312.9) |
| Idetifikátor vydání MDT |
MRF |
| 100 1# - Hlavní záhlaví - osobní jméno autora |
| Osobní jméno |
Ende, Michael, |
| Datumy související se jménem |
1929-1995 |
| Kód role |
aut |
| 9 (RLIN) |
2000 |
| 240 10 - Unifikovaný název |
| Unifikovaný název |
<a href="Unendliche Geschichte.">Unendliche Geschichte.</a> |
| Jazyk díla |
Česky |
| 245 10 - Údaje o názvu |
| Název |
Nekonečný příběh / |
| Údaj o odpovědností, atd. |
Michael Ende ; [z německého originálu ... přeložila Eva Pátková ; ilustroval František Skála ml.] |
| 250 ## - Údaje o vydání |
| Označení vydání |
2. vyd. |
| 260 ## - Nakladatelské údaje |
| Místo vydání |
Praha : |
| Jméno nakladatele |
Albatros, |
| datum vydání |
2006 |
| 300 ## - Fyzický popis |
| Rozsah |
395 s. : |
| další fyzické údaje |
il. ; |
| Rozměry |
25 cm |
| 490 1# - Údaje o edici |
| Údaje o edici |
Klub mladých čtenářů |
| 500 ## - Všeobecná poznámka |
| Text obecné poznámky |
Dotisk r. 2009 |
| 520 2# - Anotace |
| Anotace, atd. |
Bastián utíká do země Fantazánie před posměvačnými spolužáky i příliš zaměstnaným otcem, aby ji svou představivostí zachránil. Ale i on tu pozná, že jeho místo je mezi lidmi a naučí se zde nikoho se nebát. Příběh plný fantazie a moudrosti. |
| 520 2# - Anotace |
| Anotace, atd. |
Příběh malého chlapce, který se ocitne v nemocné zemi Fantazánii a za nejfantastičtějších situací se mu podaří zemi a její císařovnu zachránit. |
| 655 #7 - Rejstříkový termín - žánr/forma |
| Žánr/forma či základní termín |
německé romány |
| -- |
47 |
| 655 #7 - Rejstříkový termín - žánr/forma |
| Žánr/forma či základní termín |
fantasy romány |
| 655 #7 - Rejstříkový termín - žánr/forma |
| Žánr/forma či základní termín |
publikace pro děti |
| 655 #9 - Rejstříkový termín - žánr/forma |
| Žánr/forma či základní termín |
German fiction |
| -- |
48 |
| 655 #9 - Rejstříkový termín - žánr/forma |
| Žánr/forma či základní termín |
fantasy novels |
| 655 #9 - Rejstříkový termín - žánr/forma |
| Žánr/forma či základní termín |
children's literature |
| 700 1# - Vedlejší záhlaví - osobní jméno autora |
| Osobní jméno |
Pátková, Eva, |
| Datumy související se jménem |
1938- |
| Kód role |
trl |
| 9 (RLIN) |
2001 |
| 910 ## - Údaje o vlastníkovi jednotky (exempláře) |
| Sigla vlastníka jednotky |
ABG508 |